Poskytovanie ubytovacích kapacít prostredníctvom Airbnb bakalárska práca

Na minha lista:
Detalhes bibliográficos
Autor principal: Morháč, Marek
Autor Corporativo: Obchodná fakulta EU. Katedra služieb a cestovného ruchu - zrušené
Outros Autores: Litomerický, Juraj
Formato: Livro
Idioma:eslovaco
Publicado em: Bratislava 2018
Tags: Adicionar Tag
Sem tags, seja o primeiro a adicionar uma tag!

MARC

LEADER 00000nbm a2200000 4500
001 0245119
005 20180906133719.5
041 0 |a slo 
044 |a SK 
245 1 0 |a Poskytovanie ubytovacích kapacít prostredníctvom Airbnb  |b bakalárska práca  |c Marek Morháč ; školiteľ: Juraj Litomerický 
264 1 |a Bratislava  |c 2018 
300 |a 57 s. 
100 1 |a Morháč, Marek 
700 1 |a Litomerický, Juraj 
710 2 |a Obchodná fakulta EU. Katedra služieb a cestovného ruchu - zrušené